000 00695ngm a22003010a 4500
001 PT43900
003 AR-LpoUNG
005 20210201235945.0
007 vd cvaizq
008 191001s[201||||ag |||||||||||||||||spa d
040 _aAR-LpoUNG
_bspa
_cAR-LpoUNG
_eaacr
041 _aspa
044 _aag
082 0 _a302.1 617v16
100 1 _aBirri, Fernando
_edir.
245 1 0 _aDossier
260 _aRosario :
_bISCAA - ATE,
_c[2011].
300 _aDVD (ca. 30 min.) : son., col.
650 4 _aARGENTINA
650 4 _aCULTURA
650 4 _aHISTORIA
651 4 _aArgentina
653 _aCINE ARGENTINO
653 _aDVD
653 _aVIDEOS
905 _a43900
942 _cDVD
999 _c53848
_d53848